Datum a čas kvízu
36.5
Celkem bodů
Celkový počet nahraných bodů na tomto kvízu bez doplňovacích otázek.
3.
Pořadí na kvízu
Konečné umístění týmu na tomto kvízu.
Zaznamenané odpovědi
| # | Otázka | Odpověď | Body | Výsledky |
|---|---|---|---|---|
| 1. | Který z bývalých premiérů Česk... | Jiří Paroubek | 1 | |
| 2. | Evropský parlament minulý týde... | Alexej Navalnyj | 0 | |
| 3. | Minulý čtvrtek měl v českých k... | Duna | 1 | |
| 4. | Firma Apple opět vzbudila pozo... | Čisticí hadřík. | 1 | |
| 5. | Minulý týden začal nový ročník... | Vít Krejčí | 0 | |
| 6. | Toto téma začneme manželkami k... | 1A 2C 3D 4B | 1 | |
| 7. | Přesuneme se ke Králi popu. Ja... | The Jackson 5 | 1 | |
| 8. | Jak se nazývá klub, za který h... | West Ham United FC | 0 | |
| 9. | Mnoho deskových her využívá kr... | Shogi | 0 | |
| 10. | V roce 2021 streamovací platfo... | Král Šamanů (Shaman King) | 0 |